[Event "Najdorf 2017"]
[Site "Warsaw POL"]
[Date "2017.07.11"]
[Round "3.11"]
[White "Efimenko, Zahar"]
[Black "Hnydiuk, Aleksander"]
[Result "1-0"]
[WhiteElo "2643"]
[BlackElo "2422"]

1. Nf3 c5 2. e3 g6 3. d4 Bg7 4. d5 Nf6 5. Nc3 O-O 6. Bc4 d6 7. O-O Bg4 8.
h3 Bxf3 9. Qxf3 Nbd7 10. Qd1 a6 11. a4 b6 12. e4 Ne8 13. Re1 Nc7 14. Bg5
Re8 15. Qd2 Qb8 16. Bf1 Qb7 17. f4 Rab8 18. Nd1 b5 19. axb5 axb5 20. c3 e6
21. dxe6 Nxe6 22. Bh4 Bh6 23. g3 c4 24. Nf2 Ne5 25. Qe2 Nd3 26. Nxd3 cxd3
27. Qxd3 Nc5 28. Qd5 Nxe4 29. Qxb7 Rxb7 30. Ra5 d5 31. Rxb5 Rxb5 32. Bxb5
Rb8 33. Bc6 Rxb2 34. Bxd5 Nxc3 35. Bf6 Ne2+ 36. Kf2 Nxf4+ 37. Bxb2 Nd3+ 38.
Ke2 Nxe1 39. Kxe1 Bg7 40. Bxg7 Kxg7 41. g4 Kf6 42. Kf2 h5 43. Kf3 g5 44.
Ke4 1-0

[Event "Najdorf 2017"]
[Site "Warsaw POL"]
[Date "2017.07.11"]
[Round "3.12"]
[White "Percivaldi, Martin"]
[Black "Mista, Aleksander"]
[Result "0-1"]
[WhiteElo "2433"]
[BlackElo "2599"]

1. d4 Nf6 2. c4 e6 3. Nf3 d5 4. g3 g6 5. Bg2 Bg7 6. O-O O-O 7. Nc3 b6 8.
Ne5 Bb7 9. cxd5 exd5 10. Bf4 Qe7 11. Qd2 Rd8 12. Bh6 c5 13. Bxg7 Kxg7 14.
Rfd1 Nbd7 15. Nxd7 Rxd7 16. Qf4 c4 17. Re1 Re8 18. Rad1 Bc6 19. f3 b5 20.
a3 a5 21. e4 b4 22. axb4 axb4 23. Na2 Ra7 24. Qd2 Rxa2 25. exd5 Qxe1+ 26.
Rxe1 c3 0-1

[Event "Najdorf 2017"]
[Site "Warsaw POL"]
[Date "2017.07.11"]
[Round "3.13"]
[White "Das, Arghyadip"]
[Black "Sengupta, Deep"]
[Result "1/2-1/2"]
[WhiteElo "2416"]
[BlackElo "2596"]

1. e4 c6 2. c4 d5 3. cxd5 cxd5 4. exd5 Nf6 5. Qa4+ Nbd7 6. Nc3 g6 7. Bc4
Bg7 8. d3 O-O 9. Nf3 a6 10. Qa3 b6 11. O-O Bb7 12. Re1 Re8 13. Be3 h6 14.
Qb4 Rc8 15. a4 Ng4 16. Bf4 g5 17. Bg3 Ngf6 18. h4 Nh5 19. Bh2 g4 20. Ne5
Ndf6 21. Qb3 Rc5 22. d4 Rxc4 23. Qxc4 Nxd5 24. Nxg4 e6 25. Ne3 Nxe3 26.
Rxe3 Qxh4 27. Qc7 Ba8 28. d5 Qg5 29. Rf3 Qg6 30. Qd7 f5 31. Re1 Kh7 32.
Rxe6 Rxe6 33. Qxe6 Qxe6 34. dxe6 Bxf3 35. gxf3 Bxc3 36. bxc3 Kg7 37. Be5+
Kf8 38. Bd6+ Ke8 39. c4 Ng7 40. Bc7 Nxe6 41. Bxb6 Kd7 42. Kh2 Nf8 43. Kg3
Ng6 1/2-1/2

[Event "Najdorf 2017"]
[Site "Warsaw POL"]
[Date "2017.07.11"]
[Round "3.14"]
[White "Barski, Radoslaw"]
[Black "Heberla, Bartlomiej"]
[Result "1-0"]
[WhiteElo "2402"]
[BlackElo "2577"]

1. e4 c5 2. Nf3 g6 3. d4 cxd4 4. Qxd4 Nf6 5. Nc3 Nc6 6. Qa4 d6 7. e5 dxe5
8. Nxe5 Bd7 9. Nxd7 Qxd7 10. Be3 Bg7 11. Rd1 Qc8 12. Be2 O-O 13. O-O a6 14.
Qf4 Nd7 15. Qh4 e6 16. Ne4 Qc7 17. c3 Rae8 18. Bf4 e5 19. Bh6 Ncb8 20. Rd6
f6 21. Rfd1 Re7 22. Bc4+ Kh8 23. Bb3 Bxh6 24. Qxh6 Rg7 25. Be6 Nc5 26. Nxc5
Qxc5 27. Rd8 Qe7 28. R8d7 Nxd7 29. Rxd7 Rd8 30. Qxg7+ 1-0

[Event "Najdorf 2017"]
[Site "Warsaw POL"]
[Date "2017.07.11"]
[Round "3.15"]
[White "Gumularz, Szymon"]
[Black "Zhigalko, Andrey"]
[Result "0-1"]
[WhiteElo "2391"]
[BlackElo "2564"]

1. d4 Nf6 2. Bf4 d6 3. Nc3 c6 4. Nf3 Bg4 5. Qd2 Nbd7 6. O-O-O b5 7. h3 Bf5
8. Nh4 Be6 9. a3 a5 10. d5 Nxd5 11. Nxd5 Bxd5 12. e4 Bxe4 13. Qe3 d5 14. f3
Bg6 15. Nxg6 hxg6 16. Bd3 e6 17. Bxg6 Qf6 18. Bd3 Bc5 19. Qd2 Bxa3 20. c3
Be7 21. h4 Rxh4 22. Rxh4 Qxh4 23. g3 Qf6 24. Qf2 a4 25. Rh1 g6 26. Kc2 a3
27. b3 b4 28. Bd2 a2 29. Ra1 bxc3 30. Bxc3 Qxc3+ 31. Kxc3 Bf6+ 0-1

[Event "Najdorf 2017"]
[Site "Warsaw POL"]
[Date "2017.07.11"]
[Round "3.16"]
[White "Czarnota, Pawel"]
[Black "Konguvel, Ponnuswamy"]
[Result "1-0"]
[WhiteElo "2557"]
[BlackElo "2388"]

1. e4 e5 2. Nf3 Nc6 3. Bb5 g6 4. c3 a6 5. Ba4 d6 6. d4 Bd7 7. O-O Bg7 8. d5
Nce7 9. Bc2 Nf6 10. c4 O-O 11. Nc3 Nh5 12. Re1 h6 13. Nd2 c5 14. a3 Be8 15.
b4 b6 16. Rb1 f5 17. bxc5 bxc5 18. Ba4 Qa5 19. Re3 Nf6 20. Rb7 Rf7 21. Bxe8
Rxe8 22. Qb3 fxe4 23. Qb6 Qxb6 24. Rxb6 Nf5 25. Re1 e3 26. Nde4 exf2+ 27.
Kxf2 Nxe4+ 28. Nxe4 Bf8 29. Ke2 Kg7 30. Bd2 Be7 31. Kd3 Ra8 32. Bc3 Kg8 33.
Reb1 Bf8 34. a4 Kh7 35. a5 Nh4 36. Rb7 Ra7 37. Rxa7 Rxa7 38. g3 Nf5 39. Rb6
h5 40. h3 Be7 41. g4 hxg4 42. hxg4 Nh6 43. Nxd6 Bxd6 44. Rxd6 Nxg4 45. Rc6
Rf7 46. d6 Rf3+ 47. Ke2 Re3+ 48. Kd2 e4 49. Rc7+ Kh6 50. Bg7+ Kg5 51. Rxc5+
Kf4 52. Rd5 Rh3 53. d7 e3+ 54. Kd3 Kf3 55. d8=Q Nf2+ 56. Kc2 e2 57. Bc3 1-0

[Event "Najdorf 2017"]
[Site "Warsaw POL"]
[Date "2017.07.11"]
[Round "3.17"]
[White "Skawinski, Arkadiusz"]
[Black "Markowski, Tomasz"]
[Result "0-1"]
[WhiteElo "2386"]
[BlackElo "2557"]

1. e4 c5 2. Nf3 e6 3. b3 b6 4. Bd3 Bb7 5. O-O d6 6. Bb2 Nd7 7. Re1 Ngf6 8.
c3 Be7 9. Bc2 Qc7 10. d4 cxd4 11. Nxd4 O-O 12. c4 a6 13. Nc3 Rfe8 14. Qd3
Bf8 15. Rad1 Rac8 16. Bb1 Qb8 17. Qg3 g6 18. h3 Ba8 19. Kh1 Red8 20. Qh4
Bg7 21. f4 Re8 22. Rf1 Rc5 23. f5 exf5 24. exf5 Rce5 25. Bc1 Qb7 26. Nf3 b5
27. Qf2 R5e7 28. Rfe1 Rxe1+ 29. Rxe1 Rxe1+ 30. Nxe1 bxc4 31. bxc4 Ng4 32.
Qd2 Nf2+ 33. Kg1 Qb6 34. Qe3 Nxh3+ 35. Kh2 Bxc3 36. Qxc3 Ne5 37. c5 Qxb1
38. cxd6 Qxf5 39. Bb2 Nf2 40. Qc7 Nfg4+ 41. Kg3 Qf2+ 0-1

[Event "Najdorf 2017"]
[Site "Warsaw POL"]
[Date "2017.07.11"]
[Round "3.18"]
[White "Jakubowski, Krzysztof"]
[Black "Nurkiewicz, Maciej"]
[Result "1-0"]
[WhiteElo "2518"]
[BlackElo "2373"]

1. c4 e5 2. Nc3 Nc6 3. Nf3 Nf6 4. e3 Be7 5. a3 a5 6. b3 O-O 7. Bb2 d5 8.
cxd5 Nxd5 9. Qc2 Nxc3 10. Bxc3 Bd6 11. h4 h6 12. Bc4 Qe7 13. Qg6 Kh8 14.
Qh5 Qf6 15. Ng5 Kg8 16. g4 Be6 17. Nxe6 fxe6 18. f4 Qf7 19. f5 Qxh5 20.
gxh5 Kh8 21. fxe6 Rae8 22. Ke2 Nd8 23. Rhf1 Rxf1 24. Rxf1 Nxe6 25. Bxe6
Rxe6 26. Bxa5 b6 27. Bc3 Bxa3 28. Kd3 Bd6 29. Ke4 Kg8 30. Rf5 g6 31. hxg6
Rxg6 32. Bxe5 Bxe5 33. Kxe5 Rg2 34. d4 Rb2 35. Rf6 Rxb3 36. e4 Rc3 37. Rxh6
b5 38. Ra6 Kf7 39. Ra7 Ke7 40. d5 Kd7 41. Rb7 Kc8 42. Rxb5 Rh3 43. Kf6 Rxh4
44. e5 Rh6+ 45. Kg5 Rh1 46. Rb4 Rd1 47. Kf6 Rxd5 48. e6 Rd1 49. Rf4 c5 50.
Kf7 Re1 51. Rf5 Kc7 52. e7 Kd7 53. Rd5+ Kc6 54. Rd1 Rxd1 55. e8=Q+ Kc7 56.
Qe5+ Kc6 57. Qe4+ Kb6 58. Qe6+ Kc7 59. Qc4 Rd7+ 60. Ke6 Rd6+ 61. Ke5 Rc6
62. Qb5 c4 63. Kd5 Rd6+ 64. Kc5 Rh6 65. Qa5+ Kb7 66. Qb4+ Kc7 67. Qa5+ Kb7
68. Kxc4 Rc6+ 69. Kd5 Rb6 70. Qa4 Rb1 71. Qd7+ Kb8 72. Qe8+ Kb7 73. Qe4 Rb6
74. Kc5+ Ka7 75. Qd5 Rb8 76. Qa2+ Kb7 77. Qb3+ Ka7 78. Qa4+ Kb7 79. Qb5+
1-0

[Event "Najdorf 2017"]
[Site "Warsaw POL"]
[Date "2017.07.11"]
[Round "3.20"]
[White "Debashis, Das"]
[Black "Kosakowski, Jakub"]
[Result "1-0"]
[WhiteElo "2505"]
[BlackElo "2366"]

1. d4 Nf6 2. c4 g6 3. Nc3 d5 4. cxd5 Nxd5 5. e4 Nxc3 6. bxc3 Bg7 7. Nf3 c5
8. Be3 Qa5 9. Nd2 Bd7 10. Rc1 cxd4 11. Nc4 Qa4 12. Qxa4 Bxa4 13. cxd4 O-O
14. Be2 Rd8 15. d5 b6 16. f3 Nd7 17. g4 Rac8 18. Kf2 Nc5 19. h4 Bd7 20. h5
Na4 21. hxg6 hxg6 22. Bg5 Re8 23. d6 e6 24. e5 b5 25. Bf6 Nc3 26. Rh4 Nd5
27. g5 Nxf6 28. gxf6 Rc5 29. Rch1 bxc4 30. Rh7 Bxf6 31. exf6 Rh5 32. Rg7+
Kf8 33. Rxh5 gxh5 34. Bxc4 Rc8 35. Bd3 Ba4 36. d7 1-0

[Event "Najdorf 2017"]
[Site "Warsaw POL"]
[Date "2017.07.11"]
[Round "3.21"]
[White "Zujev, Oleg"]
[Black "Riff, Jean-noel"]
[Result "1/2-1/2"]
[WhiteElo "2366"]
[BlackElo "2493"]

1. d4 Nf6 2. c4 e6 3. Nc3 Bb4 4. e3 O-O 5. Ne2 d5 6. a3 Bd6 7. Ng3 c6 8.
Be2 Nbd7 9. O-O dxc4 10. Bxc4 e5 11. Ba2 Nb6 12. Qd3 exd4 13. exd4 Bxg3 14.
hxg3 Nfd5 15. Re1 Be6 16. Bb1 g6 17. Bh6 Re8 18. Ne4 Bf5 19. f3 Qc7 20. Bc2
Nd7 21. Rad1 Rad8 22. Bb3 Qxg3 23. Nxg3 Rxe1+ 24. Rxe1 Bxd3 25. Bxd5 cxd5
26. Re7 Bb5 27. Nf1 Bc6 28. Ne3 Nf6 29. Ng4 Nxg4 30. fxg4 Re8 31. Rxe8+
Bxe8 32. g5 f6 1/2-1/2

[Event "Najdorf 2017"]
[Site "Warsaw POL"]
[Date "2017.07.11"]
[Round "3.22"]
[White "Przedmojski, Rafal"]
[Black "Socko, Monika"]
[Result "0-1"]
[WhiteElo "2355"]
[BlackElo "2480"]

1. d4 Nf6 2. c4 g6 3. Nc3 Bg7 4. e4 d6 5. f3 O-O 6. Be3 Nc6 7. Nge2 a6 8.
Qd2 Bd7 9. b3 b5 10. cxb5 axb5 11. Rc1 Nb8 12. Nf4 c6 13. Be2 Na6 14. Nd3
Qb8 15. O-O Rd8 16. Rfd1 Ne8 17. Bf1 Nec7 18. Kh1 Be8 19. Qf2 b4 20. Ne2
Nb5 21. h3 Rc8 22. Rd2 Qa7 23. g4 Qb7 24. Bg2 Rd8 25. f4 Rac8 26. e5 Nbc7
27. f5 dxe5 28. dxe5 Nd5 29. Bd4 Bh6 30. Ndf4 Nac7 31. h4 Nxf4 32. Nxf4 Nb5
33. Rcd1 Nxd4 34. Rxd4 Qb6 35. g5 Bf8 36. f6 exf6 37. exf6 Bd6 38. Bh3 Rb8
39. Qd2 Bc7 40. Qe3 Rxd4 41. Qxd4 Rd8 0-1

[Event "Najdorf 2017"]
[Site "Warsaw POL"]
[Date "2017.07.11"]
[Round "3.23"]
[White "Prasanna, Raghuram Rao"]
[Black "Prince, Bajaj"]
[Result "1/2-1/2"]
[WhiteElo "2466"]
[BlackElo "2344"]

1. e4 c5 2. Nf3 e6 3. d4 cxd4 4. Nxd4 Nc6 5. Nc3 Qc7 6. Be2 Nf6 7. Be3 Be7
8. O-O O-O 9. f4 d6 10. Kh1 Nxd4 11. Qxd4 b6 12. Qd3 Bb7 13. Rad1 Rad8 14.
Bd4 e5 15. Be3 d5 16. fxe5 Nxe4 17. Bd4 Bc5 18. Nxe4 dxe4 19. Qc3 Rc8 20.
e6 Bxd4 21. exf7+ Rxf7 22. Qxd4 Rxf1+ 23. Rxf1 Qxc2 24. Qd7 Qc7 25. Qe6+
Kh8 26. h3 h6 27. Rf7 Qc1+ 28. Kh2 Qg5 29. Bg4 Rd8 30. Rf5 Qd2 31. Qe7 Qd6+
32. Qxd6 Rxd6 33. Rf7 Bd5 34. Rxa7 Be6 35. Bxe6 Rxe6 36. Rc7 e3 37. Rc1 Rd6
1/2-1/2

[Event "Najdorf 2017"]
[Site "Warsaw POL"]
[Date "2017.07.11"]
[Round "3.27"]
[White "Szustakowski, Antoni"]
[Black "Shvayger, Yuliya"]
[Result "1-0"]
[WhiteElo "2171"]
[BlackElo "2434"]

1. e4 c5 2. Nf3 Nc6 3. Bb5 g6 4. Bxc6 bxc6 5. O-O Bg7 6. Re1 Nh6 7. c3 O-O
8. d4 cxd4 9. cxd4 d5 10. e5 f6 11. Nbd2 fxe5 12. Nxe5 Qb6 13. Ndf3 Ng4 14.
Qe2 Bf5 15. Bg5 Rfe8 16. Rac1 Rac8 17. Rc5 Nf6 18. Rec1 Ne4 19. g4 Nxc5 20.
dxc5 Qb5 21. Qxb5 cxb5 22. gxf5 gxf5 23. Bf4 b4 24. Nd4 e6 25. Nb5 Bf8 26.
Nd7 Red8 27. Nxf8 Kxf8 28. c6 1-0

[Event "Najdorf 2017"]
[Site "Warsaw POL"]
[Date "2017.07.11"]
[Round "3.28"]
[White "Cheparinov, Ivan"]
[Black "Dzierzak, Radoslaw"]
[Result "1-0"]
[WhiteElo "2703"]
[BlackElo "2231"]

1. e4 c6 2. d4 d5 3. e5 c5 4. dxc5 Nc6 5. f4 e6 6. Be3 d4 7. Bf2 Bxc5 8. a3
Nh6 9. Nd2 O-O 10. Bd3 f6 11. Qe2 fxe5 12. fxe5 Nf5 13. Qe4 g6 14. Ngf3 Ne3
15. Bxe3 dxe3 16. Nb3 Bb6 17. O-O-O a5 18. h4 Qd5 19. Qa4 Nxe5 20. Bb5 Nxf3
21. Rxd5 exd5 22. gxf3 1-0

[Event "Najdorf 2017"]
[Site "Warsaw POL"]
[Date "2017.07.11"]
[Round "3.29"]
[White "Aleksandrov, Aleksej"]
[Black "Urazayev, Arystanbek"]
[Result "1-0"]
[WhiteElo "2581"]
[BlackElo "2322"]

1. d4 Nf6 2. c4 e6 3. Nc3 Bb4 4. e3 O-O 5. Bd3 c5 6. Nf3 d5 7. O-O cxd4 8.
exd4 dxc4 9. Bxc4 b6 10. Bd3 Bb7 11. Re1 Nc6 12. a3 Be7 13. Bf4 Rc8 14. Rc1
a6 15. Bb1 b5 16. Qd3 g6 17. b4 Qb6 18. Be3 Qc7 19. h3 Rfd8 20. Ba2 Qd7 21.
d5 exd5 22. Bb6 Re8 23. Nxd5 Nxd5 24. Qxd5 Qxd5 25. Bxd5 Kf8 26. Be3 Kg7
27. Nd4 Na5 28. Bxb7 Nxb7 29. Rc6 Bf6 30. Rxa6 Re5 31. Rb6 Nd8 32. Rxb5
Rxb5 33. Nxb5 Ne6 34. a4 Be7 35. Rb1 Rc4 36. Bd2 Rc2 37. Bc3+ Kh6 38. Be5
Rd2 39. Kf1 Bd8 40. Nd6 Bb6 41. Rb2 1-0

[Event "Najdorf 2017"]
[Site "Warsaw POL"]
[Date "2017.07.11"]
[Round "3.30"]
[White "Eggink, Ryszard"]
[Black "Lalith, Babu M R"]
[Result "1-0"]
[WhiteElo "2322"]
[BlackElo "2530"]

1. d4 Nf6 2. c4 e6 3. Nf3 c5 4. Nc3 cxd4 5. Nxd4 Bb4 6. Qd3 Nc6 7. Nxc6
bxc6 8. e4 O-O 9. e5 Ne8 10. Bd2 f6 11. a3 Be7 12. exf6 Nxf6 13. Be2 Rb8
14. b4 d5 15. O-O e5 16. Bg5 d4 17. Ne4 Nxe4 18. Bxe7 Qxe7 19. Qxe4 Bd7 20.
f4 Bf5 21. Qxe5 Qd7 22. Bf3 Bc2 23. Qc5 Rbc8 24. Rae1 Rf7 25. h3 Rc7 26.
Re5 Rxf4 27. Rfe1 Bg6 28. Re7 Qd8 29. Rxc7 Qxc7 30. Bxc6 Qd8 31. Bd5+ Kh8
32. g3 Rf8 33. Qxd4 Qg5 34. Qe3 Qf5 35. Bg2 1-0

[Event "Najdorf 2017"]
[Site "Warsaw POL"]
[Date "2017.07.11"]
[Round "3.32"]
[White "Hacker, Jonas"]
[Black "Drozdowski, Kacper"]
[Result "1/2-1/2"]
[WhiteElo "2297"]
[BlackElo "2461"]

1. e4 c5 2. Nf3 e6 3. d4 cxd4 4. Nxd4 a6 5. c4 Nf6 6. Nc3 Bb4 7. Qd3 Nc6 8.
Nxc6 dxc6 9. Qxd8+ Kxd8 10. e5 Nd7 11. Bf4 f6 12. O-O-O Ke7 13. exf6+ gxf6
14. a3 Bc5 15. Ne4 e5 16. Nxc5 Nxc5 17. Be3 Ne6 18. g3 c5 19. Bg2 Nd4 20.
b4 Bg4 21. Rde1 Rac8 22. Bxb7 Rc7 23. Bxa6 Be6 24. Kb2 Ra8 25. Bxd4 cxd4
26. Bb5 Kd6 27. c5+ Kd5 28. Kb3 Rxc5 29. bxc5 Kxc5+ 30. Kc2 Kxb5 31. Ra1 e4
32. Kd2 Bc4 33. Rhb1+ Kc5 34. Rb7 Kd6 35. Rb6+ Kc5 36. Rb7 Kd6 37. Rc1 Bd5
38. Rb6+ Ke5 39. Rc5 e3+ 40. Ke2 Rxa3 41. Rbb5 Ra2+ 42. Ke1 Ra1+ 43. Ke2
Ra2+ 44. Ke1 Ke4 45. Rxd5 Ra1+ 46. Ke2 d3+ 47. Rxd3 Ra2+ 48. Ke1 exf2+ 49.
Kf1 Kxd3 50. Rf5 Ke3 51. Kg2 f1=B+ 52. Kxf1 Rxh2 53. Rxf6 h5 54. Kg1 Ra2
55. Rf5 Ke4 56. Rf4+ 1/2-1/2

[Event "Najdorf 2017"]
[Site "Warsaw POL"]
[Date "2017.07.11"]
[Round "3.33"]
[White "Rahul, Srivatshav P"]
[Black "Noe, Christopher"]
[Result "1/2-1/2"]
[WhiteElo "2295"]
[BlackElo "2451"]

1. d4 Nf6 2. c4 e6 3. Nc3 Bb4 4. e3 O-O 5. Ne2 Re8 6. a3 Bf8 7. Ng3 d5 8.
Be2 dxc4 9. O-O c5 10. dxc5 Bxc5 11. Bxc4 Nbd7 12. b4 Be7 13. Bb2 Nb6 14.
Bb3 Qxd1 15. Rfxd1 Bd7 16. Nce4 Nxe4 17. Nxe4 Ba4 18. Bxa4 Nxa4 1/2-1/2

[Event "Najdorf 2017"]
[Site "Warsaw POL"]
[Date "2017.07.11"]
[Round "3.34"]
[White "Sundararajan, Kidambi"]
[Black "Bednarek, Sylwester"]
[Result "1-0"]
[WhiteElo "2444"]
[BlackElo "2309"]

1. Nf3 c5 2. c4 Nf6 3. Nc3 e6 4. e3 Nc6 5. d4 cxd4 6. exd4 Bb4 7. Bd3 O-O
8. O-O d5 9. cxd5 exd5 10. Bg5 Be7 11. h3 h6 12. Bh4 Nh5 13. Bxe7 Nxe7 14.
Ne5 Nf4 15. Bc2 Neg6 16. Bxg6 fxg6 17. Ne2 Qg5 18. Nxf4 Rxf4 19. Kh2 Qf5
20. Qd2 g5 21. Kg1 Rh4 22. g4 Qf6 23. Kg2 h5 24. f4 gxf4 25. Qxf4 hxg4 26.
hxg4 Qxf4 27. Rxf4 Be6 28. Rc1 Rh6 29. Rc7 Rc8 30. Rff7 Rxc7 31. Rxc7 Rf6
32. Kg3 g5 33. Rxb7 Rf4 34. Re7 Bxg4 35. Nxg4 Rxd4 36. Nf6+ Kf8 37. Rxa7
Rd2 38. b3 d4 39. Kf3 Rh2 40. Ke4 Rh4+ 41. Kf5 1-0

[Event "Najdorf 2017"]
[Site "Warsaw POL"]
[Date "2017.07.11"]
[Round "3.35"]
[White "Nowicki, Bartosz"]
[Black "Saeed, Ishaq"]
[Result "0-1"]
[WhiteElo "2262"]
[BlackElo "2428"]

1. e4 e5 2. f4 Bc5 3. Nf3 d6 4. Bc4 Nc6 5. Nc3 a6 6. f5 Nf6 7. d3 b5 8. Bb3
Na5 9. Bg5 c6 10. Qe2 Bb7 11. g4 h6 12. Bxf6 gxf6 13. h4 Qb6 14. Kd2 Nxb3+
15. axb3 Rg8 16. Rh3 O-O-O 17. Rg3 d5 18. g5 Bb4 19. Kc1 hxg5 20. hxg5 fxg5
21. Nd1 dxe4 22. Qxe4 c5 23. Qe3 e4 24. dxe4 Qd6 25. Rg1 g4 26. e5 Qd5 27.
c3 gxf3 28. cxb4 Rxg1 29. Qxg1 Qd2+ 0-1

[Event "Najdorf 2017"]
[Site "Warsaw POL"]
[Date "2017.07.11"]
[Round "3.36"]
[White "Janik, Igor"]
[Black "Villegas, Pierre"]
[Result "1/2-1/2"]
[WhiteElo "2425"]
[BlackElo "2295"]

1. e4 c6 2. d4 d5 3. e5 Bf5 4. Nd2 e6 5. Nb3 Nd7 6. Nf3 c5 7. dxc5 Bxc5 8.
Nxc5 Nxc5 9. Bb5+ Nd7 10. O-O Ne7 11. Bg5 a6 12. Bxe7 Qxe7 13. Bxd7+ Qxd7
14. Nd4 Be4 15. Qg4 O-O 16. f3 Bg6 17. h4 h6 18. h5 Bh7 19. c3 Rac8 20.
Rae1 b5 21. Re3 a5 22. f4 Kh8 23. Rg3 Rg8 24. f5 exf5 25. Nxf5 Bxf5 26.
Rxf5 b4 27. Qf4 bxc3 28. Rf6 Rc6 29. bxc3 Rxf6 30. exf6 Kh7 31. Rf3 Qe6 32.
Qd4 Qe4 33. Qf2 Rb8 34. Qg3 Rg8 35. Qc7 Qe1+ 36. Rf1 Qe3+ 37. Kh1 Qe2 38.
Rf4 Qd1+ 39. Kh2 Qxh5+ 40. Kg1 Qd1+ 41. Rf1 Qh5 42. Qxa5 gxf6 43. Qb5 Qe5
44. Qd3+ Kh8 45. Qd2 Kh7 46. Re1 Qf5 47. a4 Qg5 48. Qc2+ Qg6 49. Qf2 Qg3
50. Qd2 Qg5 51. Re3 Ra8 52. Qc2+ Qg6 53. Qd1 Qg5 54. Re2 Qg4 55. Qxd5
1/2-1/2

[Event "Najdorf 2017"]
[Site "Warsaw POL"]
[Date "2017.07.11"]
[Round "3.37"]
[White "Molenda, Marcin"]
[Black "Sieber, Fiona"]
[Result "1-0"]
[WhiteElo "2419"]
[BlackElo "2287"]

1. Nf3 Nf6 2. c4 g6 3. g3 Bg7 4. Bg2 d5 5. d4 dxc4 6. Na3 c3 7. bxc3 O-O 8.
O-O c5 9. Qb3 Nc6 10. Rd1 Na5 11. Qb2 cxd4 12. cxd4 Qb6 13. Rb1 Bf5 14.
Qxb6 axb6 15. Rxb6 Nd5 16. Rb2 Nc3 17. Re1 Nc6 18. Rxb7 Nxa2 19. Bb2 Rfb8
20. Rxb8+ Rxb8 21. Ba1 Be4 22. e3 Nab4 23. Nd2 Bxg2 24. Kxg2 e5 25. dxe5
Nxe5 26. Bxe5 Bxe5 27. Ndc4 Nc6 28. Rb1 Rxb1 29. Nxb1 Bb8 30. e4 Kg7 31.
Nc3 h5 32. Nd5 Nd4 33. f4 Ne6 34. e5 Ba7 35. Nd6 Kf8 36. Kf3 Nd4+ 37. Ke4
Ne6 38. h3 Nc5+ 39. Kf3 Nd7 40. Ne4 Kg7 41. Ndf6 Nb8 42. Ng5 Nc6 43. Ne8+
Kf8 44. Nd6 Nd8 45. Ke2 Bd4 46. Kd3 Bf2 47. Nde4 Be1 48. Kc4 Ke7 49. Nf3
Ba5 50. Kb5 Bc7 51. Nd4 Ne6 52. Nc6+ Kf8 53. Nc5 Nxc5 54. Kxc5 Ke8 55. Nd4
Kd7 56. Kd5 Ba5 57. f5 gxf5 58. Nxf5 Be1 59. Ke4 h4 60. g4 Ke6 61. Nd4+ Ke7
62. Kf5 Kf8 63. Nf3 Bg3 64. Kf6 Kg8 65. Ng5 1-0

[Event "Najdorf 2017"]
[Site "Warsaw POL"]
[Date "2017.07.11"]
[Round "3.48"]
[White "Nasuta, Grzegorz"]
[Black "Sliwicka, Alicja"]
[Result "1-0"]
[WhiteElo "2455"]
[BlackElo "2164"]

1. e4 e6 2. d4 d5 3. Nc3 Bb4 4. e5 c5 5. a3 Bxc3+ 6. bxc3 Nc6 7. Qg4 g6 8.
Nf3 Qa5 9. Bd2 Qa4 10. Be2 c4 11. Bd1 Bd7 12. h4 h6 13. Qf4 Rh7 14. Nh2
O-O-O 15. Ng4 Rf8 16. h5 g5 17. Qg3 Qa5 18. f4 gxf4 19. Qxf4 Qd8 20. O-O
Nce7 21. Nf6 Rg7 22. Bg4 Kb8 23. Bh3 Ba4 24. Rac1 Ka8 25. Kh2 Qb6 26. Qf2
Qb2 27. Nxg8 Rfxg8 28. Bxh6 Rg3 29. Qxf7 Qxa3 30. Bf4 R3g7 31. Qxe6 Qxc3
32. h6 Rh7 33. Bg5 Re8 34. Bxe7 Rhxe7 35. Qxe7 Rxe7 36. Rf8+ Re8 37. Rxe8+
Bxe8 38. h7 Qxd4 39. h8=Q Qf4+ 40. g3 Qd2+ 41. Bg2 1-0

[Event "Najdorf 2017"]
[Site "Warsaw POL"]
[Date "2017.07.12"]
[Round "4.1"]
[White "Indjic, Aleksandar"]
[Black "Jumabayev, Rinat"]
[Result "1/2-1/2"]
[WhiteElo "2575"]
[BlackElo "2620"]

1. d4 Nf6 2. c4 g6 3. Nc3 d5 4. Nf3 Bg7 5. Qb3 dxc4 6. Qxc4 O-O 7. e4 Na6
8. e5 Nd7 9. e6 fxe6 10. Be3 Nb6 11. Qb3 Nd5 12. Bxa6 bxa6 13. O-O Qd6 14.
Nxd5 exd5 15. Rac1 Rxf3 16. gxf3 c6 17. Rfe1 Bd7 18. Bg5 e6 19. Qe3 Qb4 20.
Red1 Rf8 21. Rxc6 Bxc6 22. Qxe6+ Kh8 23. Qxc6 Qb5 24. Qxb5 axb5 25. Rd3 Rc8
26. Be3 a5 27. Bd2 a4 28. Bb4 Rc2 29. Rc3 Rxc3 30. bxc3 Bh6 31. Kg2 Bf4 32.
Kh3 Kg7 33. Kg2 Kf6 34. h3 Kf5 35. Kf1 Bc7 36. Kg2 Kf4 37. Ba3 Ba5 38. Bc1+
Kf5 39. Bd2 Bc7 40. Kf1 Bf4 41. Be3 Bd6 42. Bd2 1/2-1/2

[Event "Najdorf 2017"]
[Site "Warsaw POL"]
[Date "2017.07.12"]
[Round "4.2"]
[White "Sadzikowski, Daniel"]
[Black "Tomczak, Jacek"]
[Result "1/2-1/2"]
[WhiteElo "2563"]
[BlackElo "2596"]

1. d4 Nf6 2. c4 e6 3. Nc3 Bb4 4. Qc2 d5 5. cxd5 Qxd5 6. e3 c5 7. Bd2 Bxc3
8. Bxc3 cxd4 9. Bxd4 Nc6 10. Bc3 O-O 11. Nf3 Qh5 12. Be2 Qg6 13. Qxg6 hxg6
14. Ne5 Nxe5 15. Bxe5 Bd7 16. O-O Rac8 17. Rfc1 a6 18. Kf1 Bb5 19. Bxb5
axb5 20. Bxf6 gxf6 21. Ke2 b4 22. b3 Kg7 23. Rab1 g5 24. h3 f5 25. Rc4 b5
26. Rxc8 Rxc8 27. Rd1 g4 28. Rd4 Rc2+ 29. Ke1 g3 30. fxg3 Rxg2 31. g4
1/2-1/2

[Event "Najdorf 2017"]
[Site "Warsaw POL"]
[Date "2017.07.12"]
[Round "4.3"]
[White "Efimenko, Zahar"]
[Black "Puranik, Abhimanyu"]
[Result "1/2-1/2"]
[WhiteElo "2643"]
[BlackElo "2479"]

1. Nf3 Nf6 2. g3 g6 3. Bg2 Bg7 4. d4 d5 5. O-O O-O 6. c4 dxc4 7. Na3 c3 8.
bxc3 c5 9. Re1 Nc6 10. Bb2 Nd5 11. Rb1 cxd4 12. cxd4 Nb6 13. e4 Bg4 14. d5
Bxb2 15. Rxb2 1/2-1/2

[Event "Najdorf 2017"]
[Site "Warsaw POL"]
[Date "2017.07.12"]
[Round "4.4"]
[White "Warakomski, Tomasz"]
[Black "Fridman, Daniel"]
[Result "1/2-1/2"]
[WhiteElo "2518"]
[BlackElo "2635"]

1. e4 e5 2. Nf3 Nf6 3. Nxe5 d6 4. Nf3 Nxe4 5. d4 d5 6. Bd3 Nc6 7. O-O Bg4
8. c4 Nf6 9. Nc3 Be7 10. cxd5 Nxd5 11. h3 Be6 12. Re1 O-O 13. a3 Re8 14.
Qc2 h6 15. Bh7+ Kh8 16. Bf5 Bf6 17. Bxe6 Rxe6 18. Rxe6 fxe6 19. Qe4 Nxc3
20. bxc3 Qd5 21. Qxd5 exd5 22. Bf4 Rc8 23. Rb1 1/2-1/2

[Event "Najdorf 2017"]
[Site "Warsaw POL"]
[Date "2017.07.12"]
[Round "4.5"]
[White "Piorun, Kacper"]
[Black "Kanarek, Marcel"]
[Result "1-0"]
[WhiteElo "2632"]
[BlackElo "2509"]

1. c4 Nf6 2. g3 g6 3. Bg2 Bg7 4. Nc3 O-O 5. e4 e5 6. Nge2 Nc6 7. O-O a6 8.
d3 b5 9. cxb5 axb5 10. Nxb5 Ba6 11. Nec3 Qb8 12. Na3 Nb4 13. Nc4 c6 14. a3
d5 15. exd5 Nbxd5 16. Bd2 Nxc3 17. Bxc3 e4 18. Re1 Rd8 19. Ne5 Qb7 20. Bxe4
Nxe4 21. Rxe4 c5 22. Qe2 Qd5 23. Nc4 Bxc3 24. bxc3 Bb7 25. f3 Qxd3 26. Re8+
Kg7 27. Qe5+ Kh6 28. Ne3 Bxf3 29. Rxd8 Rxd8 30. Qf4+ Kg7 31. Qxf3 Re8 32.
Re1 Kg8 33. c4 Qxa3 34. Kf2 Qc3 35. Rd1 Qb2+ 36. Qe2 Qf6+ 37. Kg1 Qg5 38.
Rd3 h5 39. Qf3 Qe5 40. Nf1 Re6 41. Qd5 Qe1 42. Rf3 1-0

[Event "Najdorf 2017"]
[Site "Warsaw POL"]
[Date "2017.07.12"]
[Round "4.7"]
[White "Dragun, Kamil"]
[Black "Debashis, Das"]
[Result "1/2-1/2"]
[WhiteElo "2621"]
[BlackElo "2505"]

1. e4 c5 2. Nf3 d6 3. d4 cxd4 4. Nxd4 Nf6 5. Nc3 a6 6. Bg5 e6 7. f4 Be7 8.
Qf3 Qc7 9. O-O-O O-O 10. Qg3 Nbd7 11. Nf3 e5 12. Bd3 b5 13. Rhf1 b4 14. Nd5
Nxd5 15. exd5 e4 16. Bxe4 Nc5 17. Bxh7+ Kxh7 18. Qh4+ Kg8 19. Bxe7 Re8 20.
g4 Rxe7 21. Ng5 Re2 22. Qh7+ Kf8 23. Rfe1 Bxg4 24. Rxe2 Bxe2 25. Rd2 Bg4
26. Qh8+ Ke7 27. Qxg7 b3 28. Qxf7+ Kd8 29. Qf8+ Kd7 30. Qf7+ Kc8 31. Qxc7+
Kxc7 32. axb3 Re8 33. Rg2 Re1+ 34. Kd2 Rd1+ 35. Kc3 Bf5 36. b4 Ne4+ 37.
Nxe4 Bxe4 38. Re2 Bf5 39. h4 Rh1 1/2-1/2